000 00646cam a22002291 4500
001 agr50000015
003 DLC
005 20260227111012.0
008 741121s1949 nyua b 000 0 eng
010 _aagr50000015
035 _a(OCoLC)1083561
040 _aDLC
_cOT
_dNcRS
_dDLC
042 _apremarc
050 0 0 _aSB208.U5
_bA7
100 1 _aAhlgren, Gilbert H.
_q(Gilbert Harold),
_d1913-
245 1 0 _aForage crops.
260 _aNew York,
_bMcGraw-Hill,
_c1949.
300 _ax, 418 p.
_billus.
_c24 cm.
440 0 _aMcGraw-Hill publications in the agricultural sciences
504 _aIncludes bibliography.
650 0 _aForage plants
999 _c11089
_d11089